Florante at Laura (Record no. 21905)

000 -LEADER
fixed length control field 00472nam a22001577a 4500
003 - CONTROL NUMBER IDENTIFIER
control field OSt
005 - DATE AND TIME OF LATEST TRANSACTION
control field 20260126091453.0
008 - FIXED-LENGTH DATA ELEMENTS--GENERAL INFORMATION
fixed length control field 260126b1986 xxua|||| |||| 00| 0 eng d
020 ## - INTERNATIONAL STANDARD BOOK NUMBER
International Standard Book Number 9713003543
040 ## - CATALOGING SOURCE
Transcribing agency csu
100 ## - MAIN ENTRY--PERSONAL NAME
Personal name Balagtas, Francisco
Relator term author.
245 ## - TITLE STATEMENT
Title Florante at Laura
Statement of responsibility, etc nobela ni Francisco Balagtas
260 ## - PUBLICATION, DISTRIBUTION, ETC. (IMPRINT)
Place of publication, distribution, etc Merriam & Webster Bookstore, Inc.
Name of publisher, distributor, etc [name of publisher not identifiied],
Date of publication, distribution, etc c1994.
300 ## - PHYSICAL DESCRIPTION
Extent 48 pages :
Other physical details illustrations.
942 ## - ADDED ENTRY ELEMENTS (KOHA)
Source of classification or shelving scheme
Koha item type Books
Holdings
Price effective from Permanent Location Date last seen Not for loan Date acquired Source of classification or shelving scheme Koha item type Lost status Withdrawn status Copy number Source of acquisition Collection code Damaged status Barcode Shelving location Current Location Full call number
2026-01-23Cagayan State University - Carig Library2026-01-26 2026-01-26 Books  1DonationsChildren Section C000885Children SectionCagayan State University - Carig LibraryCS C885 B1713
2026-01-23Cagayan State University - Carig Library2026-01-26 2026-01-26 Books  2 DonationsChildren Section C000886 Children SectionCagayan State University - Carig LibraryCS C886 B1713
2026-01-23Cagayan State University - Carig Library2026-01-26 2026-01-26 Books  3DonationsChildren Section C000887Children SectionCagayan State University - Carig LibraryCS C887 B1713
2026-01-23Cagayan State University - Carig Library2026-01-26 2026-01-26 Books  4DonationsChildren Section C000888Children SectionCagayan State University - Carig LibraryCS C888 B1713

Cagayan State University University Library, Carig Campus
Tuguegarao City, Cagayan 3500 | www.csucarig.edu.ph

Powered by Koha